Change in the recycling sector: too little too late? (Record no. 72629)

MARC details
000 -LEADER
fixed length control field 01400cam a2200253 4500
001 - CONTROL NUMBER
control field ABS66750
008 - FIXED-LENGTH DATA ELEMENTS--GENERAL INFORMATION
fixed length control field 030507n2003 000 0 eng u
035 ## - SYSTEM CONTROL NUMBER
System control number (Sirsi) u122201
100 ## - MAIN ENTRY--PERSONAL NAME
Personal name O'Neill, C.
245 ## - TITLE STATEMENT
Title Change in the recycling sector: too little too late?
260 ## - PUBLICATION, DISTRIBUTION, ETC.
Date of publication, distribution, etc. 2003
490 ## - SERIES STATEMENT
Series statement Wastes Management
Volume/sequential designation April 2003, 32-34(3)
520 ## - SUMMARY, ETC.
Summary, etc. Discusses the issues and challenges facing the recycling sector in light of recent legislative pressures such as EU statutory recycling targets. Suggests that the attitude towards waste management has changed in recent years and that recycling is slowly becoming an established industry. However, the industry faces many challenges such as making recycling people-friendly, ensuring that markets for recycled products exist and developing recycling technology. Also looks at the impact of the Landfill Directive and suggests that raising landfill tax is one way to make recycling more cost effective. Concludes that the industry must continue to adapt if recycling is to become the most economically viable waste management method.
590 ## - LOCAL NOTE (RLIN)
Local note ABS
650 ## - SUBJECT ADDED ENTRY--TOPICAL TERM
Topical term or geographic name entry element WASTE RECYCLING
650 ## - SUBJECT ADDED ENTRY--TOPICAL TERM
Topical term or geographic name entry element DIRECTIVE 99/31/EC
650 ## - SUBJECT ADDED ENTRY--TOPICAL TERM
Topical term or geographic name entry element WASTE DISPOSAL
650 ## - SUBJECT ADDED ENTRY--TOPICAL TERM
Topical term or geographic name entry element LANDFILL
650 ## - SUBJECT ADDED ENTRY--TOPICAL TERM
Topical term or geographic name entry element RECYCLING
650 ## - SUBJECT ADDED ENTRY--TOPICAL TERM
Topical term or geographic name entry element RECYCLED MATERIALS
690 ## - LOCAL SUBJECT ADDED ENTRY--TOPICAL TERM (OCLC, RLIN)
Topical term or geographic name as entry element ENVIRONMENTAL AND LAND CONSULTANCY-WASTE MANAGEMENT
700 ## - ADDED ENTRY--PERSONAL NAME
Personal name Hawkes, D.
942 ## - ADDED ENTRY ELEMENTS (KOHA)
Suppress in OPAC 0
Holdings
Withdrawn status Lost status Source of classification or shelving scheme Damaged status Not for loan Home library Current library Shelving location Date acquired Total Checkouts Full call number Barcode Date last seen Copy number Price effective from Koha item type
    Dewey Decimal Classification     London London Journal article 07/05/2003   ABS66750 122201-1001 06/08/2019 1 06/08/2019 Journal article